Txtng: the Gr8 Db8 (Record no. 84430)

MARC details
000 -LEADER
fixed length control field 00556nam a2200193Ia 4500
008 - FIXED-LENGTH DATA ELEMENTS--GENERAL INFORMATION
fixed length control field 191130s2009##################000#0#eng##
020 ## - INTERNATIONAL STANDARD BOOK NUMBER
ISBN 9780199571338
082 ## - DEWEY DECIMAL CLASSIFICATION NUMBER
Classification number 004.692 CRY
100 ## - MAIN ENTRY--AUTHOR NAME
Personal name Crystal, David
245 ## - TITLE STATEMENT
Title Txtng: the Gr8 Db8
Statement of responsibility, etc David Crystal, Ed Mclachlan
260 ## - PUBLICATION, DISTRIBUTION, ETC. (IMPRINT)
Place of publication Oxford
Name of publisher Oxford University Press
Year of publication 2009
300 ## - PHYSICAL DESCRIPTION
Number of Pages ix, 239 p.:ill
650 ## - SUBJECT ADDED ENTRY--TOPICAL TERM
Topical Term Mobile & Wireless Communications
Topical Term Technology & Engineering
991 ## -
-- 177904
Holdings
Withdrawn status Lost status Damaged status Not for loan Home library Current library Shelving location Date acquired Full call number Accession Number Price effective from Koha item type
        Anna Centenary Library Anna Centenary Library 3RD FLOOR, A WING 09.10.2020 004.692 CRY 110749 09.10.2020 English Books

Find us on the map